Personnage Umbrella Academy - Statistiques

Statistiques générales
  • Ce quiz a été pris 634 fois
  • Le résultat moyen est 16 sur 33
Statistiques - réponses
Hint Réponse % Correct
1 Numéro cinq
96%
3 Diego Hargreeves
95%
4 Luther Hargreeves
92%
2 Allison Hargreeves
90%
5 Klaus Hargreeves
90%
6 Viktor (Vanya) Hargreeves
90%
7 Ben Hargreeves
88%
9 Lila
75%
8 Reginal Hargreeves
70%
15 Cha cha
65%
10 Pogo
62%
14 Hazel
58%
11 Grace
52%
12 Sloane Hargreeves
48%
27 Marcus Hargreeves
43%
18 Sissy
41%
13 Léonard Peabody
39%
25 La directrice
38%
19 Fei Hargreeves
37%
33 Dolores
34%
26 Harlan Cooper (Lester Pocket)
33%
29 Claire
32%
16 Raymond Chesnut
30%
24 Alphonso Hargreeves
29%
20 Jayme Hargreeves
29%
28 Agnès
26%
17 Stan
26%
31 Dave
25%
23 Eudora Patch
20%
22 Herb
20%
30 Carl Cooper
19%
21 Elliott
19%
32 Dot
11%
Aucun quiz correspondant
Distribution des résultats
% des personnes avec chaque résultat
Percentile par nombre de réponses
Votre historique - résultats
Vous n’avez pas pris ce quiz